| 000 | 00806nam a2200205 a 4500 | ||
|---|---|---|---|
| 008 | 120416s1990 ||||||||||||||||| || u | ||
| 020 | _a0070346410 | ||
| 050 | _aHF 1379 Int | ||
| 100 | _aKing, Philip, 1956- | ||
| 245 | 1 | 0 |
_aInternational economics and international economic policy: a reader _cedited by Philip King |
| 260 |
_aNew York: _bMcGraw-Hill _c1990 |
||
| 300 | _a446p. : ill. | ||
| 350 | _a0.00 | ||
| 500 | _aIncludes bibliographical references. | ||
| 650 | _aINTERNATIONAL FINANCE | ||
| 650 | 0 | _aINTERNATIONAL ECONOMIC RELATIONS--HANDBOOKS, MANUALS, E.T.C | |
| 650 | 0 | _aINTERNATIONAL ECONOMIC RELATIONS | |
| 650 | 0 | _aECONOMICS | |
| 995 |
_D0.00 _FCBU-MAIN LIBRARY (Kitwe) _H1 _I13.16 _M1 _UAVAILABLE _ZMain Library Open Access Collection |
||
| 999 |
_c47359 _d47359 |
||